Most Visited Museums - Statistics

General Stats
  • This quiz has been taken 177 times
    73 since last reset
  • The average score is 7 of 22
Answer Stats
Visitors City Museum % Correct
8,700,000 Paris Louvre
100%
6,479,000 London British Museum
78%
6,825,000 Vatican City Vatican Museums
75%
5,727,000 New York City Metropolitan Museum of Art
64%
3,751,000 Paris Musée d'Orsay
45%
3,564,000 St. Petersburg State Hermitage Museum
45%
5,400,000 New York City American Museum of Natural History
42%
6,301,000 London Natural History Museum
42%
3,457,000 Madrid Museo del Prado
41%
3,936,000 Washington D.C. National Gallery of Art
33%
4,603,000 London Tate Modern
31%
3,526,000 London Victoria and Albert Museum
27%
3,204,000 Paris Centre Pompidou
13%
6,956,000 Beijing National Museum of China
13%
5,680,000 Nanjing Nanjing Museum
11%
4,230,000 Shanghai Shanghai Museum
9%
6,805,000 Shenzhen Shenzhen Museum
8%
3,780,000 Seoul National Museum of Korea
5%
3,612,000 St. Petersburg State Russian Museum
3%
3,700,000 Mexico City National Museum of Anthropology
2%
6,421,000 Beijing China Science and Technology Museum
0%
4,356,000 Wuhan Hubei Provincial Museum
0%
No matching quizzes found
Score Distribution
Percent of People with Each Score
Percentile by Number Answered
Your Score History
You have not taken this quiz since the last reset